Governance Reform: Bridging Monitoring and Action (Record no. 18705)

000 -LEADER
fixed length control field 00459nam a2200145Ia 4500
020 ## - INTERNATIONAL STANDARD BOOK NUMBER
ISBN 978-0-8213-7032-2
084 ## - OTHER CLASSIFICATION OF CALL NUMBER
Call Number (Nomor Katalog) 1128-0074 LEV Gov Bo
100 ## - MAIN ENTRY--AUTHOR NAME
Personal name (Pengarang) Brian Levy
245 #0 - TITLE STATEMENT
Sub Title (Anak Judul) Governance Reform: Bridging Monitoring and Action
260 ## - PUBLICATION, DISTRIBUTION, ETC. (IMPRINT)
Place of publication (Tempat Terbit/Kota) Washington D.C
Name of publisher (Nama Penerbit) The World Bank
Year of publication (Tahun Terbit) 2007
300 ## - PHYSICAL DESCRIPTION
Number of Pages (Jumlah Halaman) i-xxxvi + 134 hlm
650 ## - SUBJECT ADDED ENTRY--TOPICAL TERM
Topical Term (Topik 1) Government (Pemerintahan)
Relator term (Topik 2) G-O-V
Chronological subdivision (Topik 5) Bridging Monitoring and Action
942 ## - ADDED ENTRY ELEMENTS (KOHA)
Koha item type Books (Buku)
Holdings
Withdrawn status Lost status Damaged status Not for loan Permanent Location (Lokasi Permanen) Current Location (Lokasi Sekarang) Shelving location (Lokasi Rak) Date acquired Cost, normal purchase price (Harga Buku) Full call number (Nomor Katalog) Barcode Price effective from Koha item type (Jenis Koleksi)
        MAP Library MAP Library Bookshelf 03/26/2022 8.00 1128-0074 LEV Gov Bo 11280074 03/26/2022 Books (Buku)